| 000 | 00554nam a22001697a 4500 | ||
|---|---|---|---|
| 003 | 0 | ||
| 005 | 20160609165236.0 | ||
| 008 | 100105t xxu||||| |||| 00| 0 eng d | ||
| 037 |
_aM15391 _bBIBLIO |
||
| 040 |
_aUAC _bF _cBIBLIO |
||
| 100 |
_aSylvestre B. O. ADIMI _92525 |
||
| 245 | _aCaractérisation phytoécologique et phytosociologique du site du Game Ranching de Djaloukou dans la commune de Savalou au Bénin | ||
| 260 |
_aEPAC _bBIBLIO _c2007-2008 |
||
| 300 |
_aII-64p _c29cm |
||
| 650 |
_aAMENAGEMENT PROTECTION ENVIRONNEMENT _92526 |
||
| 942 | _cTHE | ||
| 999 |
_c46644 _d46644 |
||